000 00258nam a2200121Ia 4500
008 231129s1949||||xx |||||||||||||| ||spa||
040 _bspa
082 _a398.2 A634
245 0 _aAntologia de fabulas
260 _c1949
264 _aLabor
942 _2ddc
_cBKS
999 _c5264
_d5264